000 00395nam a2200157Ia 4500
008 230312s9999||||xx |||||||||||||| ||und||
020 _a9780080451046
082 _a629.136
_bKAZ-A
100 _aKazda;Antonim
245 0 _aAirport Design and Operation-2
260 _bElsevier
_aUSA
_c2007
300 _a456
546 _aEng.
650 _aAviation
_vAirport Design and Operation
942 _cBK
999 _c6689
_d6689